• 首页
  • 本馆介绍
  • 公告通知
  • 最新文献
  • 馆藏检索
  • 电子资源
  • 读者导购
  • 参考咨询
  • 我的图书馆
  • 登录
  • 详细信息显示
  • 放入我的书架
  • 预约/预借图书
  • 作者相关作品
  • 分类相关作品
  • 丛书相关作品
  • 出版社相关作品

书目信息

  • 表格格式
  • 工作单格式
  • 卡片格式
题名:
积极财政政策转型与财政可持续性研究
    
 
作者: 刘国艳 , 王元 , 王蕴 著
分册:  
出版信息: 北京   经济科学出版社  2011
页数: 241页
开本: 24cm
丛书名:
单 册:
中图分类: F812.0
科图分类:
主题词: 财政政策--研究--中国 , 财政政策
电子资源:
ISBN: 978-7-5141-1383-9
000 01240nam0 22002771 450
001 519
005 20140909101501.20
010    @a978-7-5141-1383-9@dCNY30.00
100    @a20120206d2011 emky0chiy50 ea
101 0  @achi
102    @aCN@b110000
105    @ay z 000yy
106    @ar
200 1  @a积极财政政策转型与财政可持续性研究@AJi Ji Cai Zheng Zheng Ce Zhuai Xing Yu Cai Zheng Ke Chi Xu Xing Yan Jiu@dResearch on the transition of proactive fiscal policy and fiscal sustainability@f刘国艳,王元,王蕴等著@FLiu Guo Yan, Wang Yuan, Wang Yun Deng Zhu@zeng
210    @a北京@c经济科学出版社@d2011
215    @a241页@d24cm
330    @a本书内容涉及积极财政政策转型与财政可持续性研究、未来宏观经济形势预测及宏观经济政策分析、中长期我国财政政策趋势分析、两轮“积极财政政策”比较研究、主要国家扩张性财政政策的调整与启示等。
510 1  @aResearch on the transition of proactive fiscal policy and fiscal sustainability@zeng
606 0  @a财政政策@x研究@y中国
606 0  @a财政政策
690    @aF812.0@v5
701  0 @a刘国艳@ALiu Guo Yan@g(女,@f1971~)@4著
701  0 @a王元@AWang Yuan@g(女,@f1979~)@4著
701  0 @a王蕴@AWang Yun@g(女,@f1978~)@4著
801  0 @aCN@bTANGWEI@c20140603
905    @b0837027-29@dF812.0@e62@f3
    
    积极财政政策转型与财政可持续性研究=Research on the transition of proactive fiscal policy and fiscal sustainability/刘国艳,王元,王蕴等著.-北京:经济科学出版社,2011
    241页;24cm
    
    
    ISBN 978-7-5141-1383-9:CNY30.00
    本书内容涉及积极财政政策转型与财政可持续性研究、未来宏观经济形势预测及宏观经济政策分析、中长期我国财政政策趋势分析、两轮“积极财政政策”比较研究、主要国家扩张性财政政策的调整与启示等。
●
相关链接 在E读中查询图书 在五车中查询图书 在当当中查询图书 在豆瓣中查询图书


正题名:积极财政政策转型与财政可持续性研究     索取号:F812.0/62         预约/预借

序号 登录号 条形码 馆藏地/架位号 状态 备注
1 0837027   208370270   第一样本阅览室/ [索取号:F812.0/62] 在馆    
2 0837028   208370289   密集书库-海洋学院/ [索取号:F812.0/62] 在馆    
3 0837029   208370298   第一借阅区/ [索取号:F812.0/62] 在馆    
唐山师范学院图书馆 欢迎您!
大连网信软件有限公司© 版权所有